Central Library OPAC University of Rajshahi

Problems of economic union / (Record no. 2108)

MARC details
000 -LEADER
fixed length control field 01015nam a2200313 a 4500
001 - CONTROL NUMBER
control field 2108
003 - CONTROL NUMBER IDENTIFIER
rucl marc code UkOxU
005 - DATE AND TIME OF LATEST TRANSACTION
control field 20211208233502.0
008 - FIXED-LENGTH DATA ELEMENTS--GENERAL INFORMATION
fixed length control field 131210s1953 enk 000 0 eng d
020 ## - INTERNATIONAL STANDARD BOOK NUMBER
International Standard Book Number 0415313619
035 ## - SYSTEM CONTROL NUMBER
System control number BNB2730.1527
-- (BD-RjUL)2135
040 ## - CATALOGING SOURCE
Original cataloging agency BDS
Language of cataloging eng
Transcribing agency BD-RjUL
Modifying agency BD-RjUL
041 ## - LANGUAGE CODE
Language code of text/sound track or separate title eng
082 0# - DEWEY DECIMAL CLASSIFICATION NUMBER
Classification number 337
Edition number 21
Author mark and year MEP
100 1# - MAIN ENTRY--PERSONAL NAME
Personal name Meade, J. E.
Fuller form of name (James Edward),
Dates associated with a name 1907-1995
9 (RLIN) 6416
245 10 - TITLE STATEMENT
Title Problems of economic union /
Statement of responsibility, etc. J.E. Meade.
260 ## - PUBLICATION, DISTRIBUTION, ETC. (IMPRINT)
Place of publication, distribution, etc. London :
Name of publisher, distributor, etc. Routledge,
Date of publication, distribution, etc. c1953
300 ## - PHYSICAL DESCRIPTION
Pagination ix, 102 p. ;
Size 23 cm.
490 1# - SERIES STATEMENT
Series statement Routledge library editions. Economics ;
Volume/sequential designation 061.
Series statement International economics ;
Volume/sequential designation 6
500 ## - GENERAL NOTE
General note Originally published: Chicago, Ill.: University of Chicago, 1953.
650 #0 - SUBJECT ADDED ENTRY--TOPICAL TERM
Topical term or geographic name as entry element Commercial policy.
9 (RLIN) 6899
Topical term or geographic name as entry element Balance of trade.
9 (RLIN) 6900
Topical term or geographic name as entry element International cooperation.
9 (RLIN) 6901
830 #0 - SERIES ADDED ENTRY--UNIFORM TITLE
Volume number/sequential designation 061.
Volume number/sequential designation 6.
Uniform title Routledge library editions.
Uniform title Routledge library editions.
942 ## - ADDED ENTRY ELEMENTS (KOHA)
Source of classification or shelving scheme Dewey Decimal Classification
Koha item type Books
Holdings
Lost status Source of classification or shelving scheme Damaged status Not for loan Collection code Permanent Location Current Location Shelving location Date acquired Source of acquisition Cost, normal purchase price Total Checkouts Full call number Date last seen Copy number Koha item type
  Dewey Decimal Classification     Non-fiction Central Library, University of Rajshahi Central Library, University of Rajshahi   08/01/1958 Pak. American com.inc. 8.12   337 MEP 1953 10/12/2013 C-2 Books
  Dewey Decimal Classification     Non-fiction Central Library, University of Rajshahi Central Library, University of Rajshahi   08/01/1958 Pak. America com.inc 8.12   337 MEP 1953 13/06/2016 C-3 Books
  Dewey Decimal Classification     Non-fiction Central Library, University of Rajshahi Central Library, University of Rajshahi   08/01/1958 Pak. America com.inc 8.12   337 MEP 1953 13/06/2016 C-4 Books
  Dewey Decimal Classification     Non-fiction Central Library, University of Rajshahi Central Library, University of Rajshahi   05/04/1956 Allies Book Corporation. 7.11   337 MEP 1953 30/07/2016 C-5 Books